Les grandes heures de l'agriculture mondiale : Espoirs, succès et menaces (notice n° 2197074)
[ vue normale ]
| 000 -LEADER | |
|---|---|
| fixed length control field | 00894cam a2200133 4500500 |
| 005 - DATE AND TIME OF LATEST TRANSACTION | |
| control field | 20260405065604.0 |
| 041 ## - LANGUAGE CODE | |
| Language code of text/sound track or separate title | fre |
| 042 ## - AUTHENTICATION CODE | |
| Authentication code | dc |
| 100 10 - MAIN ENTRY--PERSONAL NAME | |
| Personal name | Neveu, André |
| Relator term | author |
| 245 00 - TITLE STATEMENT | |
| Title | Les grandes heures de l'agriculture mondiale : Espoirs, succès et menaces |
| 260 ## - PUBLICATION, DISTRIBUTION, ETC. | |
| Name of publisher, distributor, etc. | L'Harmattan,<br/> |
| Date of publication, distribution, etc. | 2005.<br/> |
| 520 ## - SUMMARY, ETC. | |
| Summary, etc. | L’agriculture mondiale est en pleine transformation. Elle est aussi en crise: en Europe l’ouverture des frontières la fragilise, aux Etats-Unis le gouvernement doit sans cesse intervenir, la guerre de l’eau menace les pays arides et l’agriculture africaine est en plein désarroi. Au total la très grande majorité des agriculteurs du monde a l’impression que l’avenir ne lui réserve que désillusion et souvent misère… |
| 856 41 - ELECTRONIC LOCATION AND ACCESS | |
| Uniform Resource Identifier | <a href="https://shs.cairn.info/les-grandes-heures-de-lagriculture-mondiale--9782747582094?lang=fr&redirect-ssocas=7080">https://shs.cairn.info/les-grandes-heures-de-lagriculture-mondiale--9782747582094?lang=fr&redirect-ssocas=7080</a> |
Pas d'exemplaire disponible.




Réseaux sociaux